| 000 | 00532cam a2200205ua 4500 | ||
|---|---|---|---|
| 001 | 128 | ||
| 008 | 110330n ii |||gr||||Z||||||eng | ||
| 020 | _a978-0-07-047296-9 | ||
| 020 | _a0-07-047296-3 | ||
| 040 | _cMAIN | ||
| 082 | _a004.678 | ||
| 245 |
_aInternet and web technologies. _cBy Raj Kamal. |
||
| 250 | _a1st. | ||
| 260 |
_aNew Delhi.: _bMcgraw hill., _c2010. |
||
| 300 |
_aix, 519 p.: _bill.; _c22 cm. |
||
| 653 | _aComputer science. | ||
| 653 | _aInternet and web technologies. | ||
| 700 | _aKamal, Raj., | ||
| 942 | _cBK | ||
| 999 |
_c117 _d117 |
||